Index Strategie Evropa 2020 v zemích V4
Priority a hlavné ciele Stratégie Európa 2020. Konštrukcia indexu Stratégie Európa 2020 a metodika výpočtu. Dosahovanie stanovených priorít v krajinách V4 vzhľadom k európskym a národným cieľom. Vývoj indexov v období rokov 2010-2015.
Salvato in:
| Autore principale: | |
|---|---|
| Altri autori: | |
| Natura: | Capitolo di libro |
| Lingua: | ceco |
| Soggetti: | |
| Tags: |
Nessun Tag, puoi essere il primo ad aggiungerne!!
|
MARC
| LEADER | 00000nla a2200000 4500 | ||
|---|---|---|---|
| 001 | 0246655 | ||
| 005 | 20240417075142.1 | ||
| 041 | 0 | |a cze | |
| 044 | |a SK | ||
| 245 | 1 | 0 | |a Index Strategie Evropa 2020 v zemích V4 |c Dominika Tóthová, Jan Turčínek |
| 520 | |a Priority a hlavné ciele Stratégie Európa 2020. Konštrukcia indexu Stratégie Európa 2020 a metodika výpočtu. Dosahovanie stanovených priorít v krajinách V4 vzhľadom k európskym a národným cieľom. Vývoj indexov v období rokov 2010-2015. | ||
| 610 | 2 | 0 | |a indexy |
| 610 | 2 | 0 | |a rozvoj trvalo udržateľný |
| 610 | 2 | 0 | |a vzdelávanie |
| 610 | 2 | 0 | |a zamestnanosť |
| 610 | 2 | 0 | |a investície |
| 610 | 2 | 0 | |a výskum |
| 610 | 2 | 0 | |a vývoj |
| 610 | 2 | 0 | |a ochrana prostredia životného |
| 610 | 2 | 0 | |a Vyšehradská štvorka |
| 610 | 2 | 0 | |a Európska únia |
| 100 | 1 | |a Tóthová, Dominika | |
| 700 | 1 | |a Turčínek, Jan | |